Village survey monograph, no.13, village Sadharansar (tahsil Deoband, district Saharanpur) pt.6, no.13: (Record no. 55152)

MARC details
000 -LEADER
fixed length control field 01758nam a2200445 a 4500
001 - CONTROL NUMBER
control field vtls000051335
003 - CONTROL NUMBER IDENTIFIER
control field NLI
005 - DATE AND TIME OF LATEST TRANSACTION
control field 20210601190350.0
008 - FIXED-LENGTH DATA ELEMENTS--GENERAL INFORMATION
fixed length control field 101125s1965 ii abdf f000 0 eng
020 ## - INTERNATIONAL STANDARD BOOK NUMBER
Terms of availability Rs. 3.45 np.
039 #9 - LEVEL OF BIBLIOGRAPHIC CONTROL AND CODING DETAIL [OBSOLETE]
-- 201011250503
-- VLOAD
040 0# - CATALOGING SOURCE
Original cataloging agency NLI
Language of cataloging eng
Transcribing agency VERGIS-2003
041 0# - LANGUAGE CODE
Language code of text/sound track or separate title eng
044 ## - COUNTRY OF PUBLISHING/PRODUCING ENTITY CODE
MARC country code ii
082 04 - DEWEY DECIMAL CLASSIFICATION NUMBER
Classification number 312
110 1# - MAIN ENTRY--CORPORATE NAME
Corporate name or jurisdiction name as entry element Uttar Pradesh (India)
Subordinate unit Superintendent of Census Operations
240 10 - UNIFORM TITLE
Uniform title [Census of India, 1961]
245 10 - TITLE STATEMENT
Title Village survey monograph, no.13, village Sadharansar (tahsil Deoband, district Saharanpur) pt.6, no.13:
Remainder of title vol.15, Uttar Pradesh/
Statement of responsibility, etc. Superintendent of Census Operations, Govt of Uttar Pradesh
260 ## - PUBLICATION, DISTRIBUTION, ETC.
Place of publication, distribution, etc. India:
Name of publisher, distributor, etc. The Manager of Publications,
Date of publication, distribution, etc. 1965
300 ## - PHYSICAL DESCRIPTION
Extent 46p.:
Other physical details ill., maps, charts, plates;
Dimensions 27 cm.
500 ## - GENERAL NOTE
General note Library has 2 Cops.
500 ## - GENERAL NOTE
General note At head of title Census of India, 1961
546 ## - LANGUAGE NOTE
Language note eng
650 #0 - SUBJECT ADDED ENTRY--TOPICAL TERM
Topical term or geographic name entry element Demography
Geographic subdivision India
-- Uttar Pradesh
650 #0 - SUBJECT ADDED ENTRY--TOPICAL TERM
Topical term or geographic name entry element Rural population
Geographic subdivision India
-- Uttar Pradesh
650 #0 - SUBJECT ADDED ENTRY--TOPICAL TERM
Topical term or geographic name entry element City dwellers
Geographic subdivision India
-- Uttar Pradesh
651 #0 - SUBJECT ADDED ENTRY--GEOGRAPHIC NAME
Geographic name Uttar Pradesh(India)
General subdivision Census
Chronological subdivision 1961
9 (RLIN) 131509
651 #0 - SUBJECT ADDED ENTRY--GEOGRAPHIC NAME
Geographic name Uttar Pradesh(India)
General subdivision Population
-- Statistics
Chronological subdivision 1961
9 (RLIN) 131510
887 ## - NON-MARC INFORMATION FIELD
Content of non-MARC field
901 ## - LOCAL DATA ELEMENT A, LDA (RLIN)
a I.O.D.44223
b 26/2/66 (1961) v.15 pt.6 no.13
901 ## - LOCAL DATA ELEMENT A, LDA (RLIN)
a I.O.D.44628
b 30/3/66 (1961) v.15 pt.6 no.13 Cop.2
902 ## - LOCAL DATA ELEMENT B, LDB (RLIN)
a G.P. 312 (54) In 2
906 ## - LOCAL DATA ELEMENT F, LDF (RLIN)
a 2967
906 ## - LOCAL DATA ELEMENT F, LDF (RLIN)
a 2968
949 ## - LOCAL PROCESSING INFORMATION (OCLC)
-- VIRTUAITEM
-- 10000
-- 1
-- 100
6 IOD000044223ENG
9 v.15 pt.6 no.13
a GP 312 (54) In2 (1961) v.15 pt.6 no.13
m 54
942 ## - ADDED ENTRY ELEMENTS (KOHA)
Source of classification or shelving scheme Dewey Decimal Classification
Koha item type Books
949 ## - LOCAL PROCESSING INFORMATION (OCLC)
-- VIRTUAITEM
-- 10000
-- 2
-- 100
6 IOD000044628ENG
9 v.15 pt.6 no.13
a GP 312 (54) In2 (1961) v.15 pt.6 no.13
m 54
Holdings
Withdrawn status Lost status Damaged status Not for loan Collection code Home library Current library Shelving location Date acquired Total Checkouts Full call number Barcode Date last seen Copy/Vol. number Price effective from Koha item type
        Government Publications National Library of India National Library of India Annexe Reading Room & Stack Division     G.P. 312 (54) In 2 IOD000044223ENG 01/06/2021 54 01/06/2021 Books
        Government Publications National Library of India National Library of India Annexe Reading Room & Stack Division     G.P. 312 (54) In 2 IOD000044628ENG 01/06/2021 54 01/06/2021 Books
                                                                           
web counter

Copyright ©2020 The National Library of India, Govt. of India ↔ Hosted by NVLI, MOC ↔ Technology and Design by National Library of India, Ministry of Culture, Govt. of India